Comentários à Constituição do Estado do Rio Grande do Sul / (Record no. 1330)

MARC details
000 -LÍDER
Campo Fixo de Controle 00832nam a2200253 a 4500
001 - NÚMERO DE CONTROLE
Campo de Controle 1330
003 - IDENTIFICAÇÃO DO NÚMERO DE CONTROLE
Campo de Controle BR-CuiBMT
005 - DATA E HORA DA ÚLTIMA ATUALIZAÇÃO
Campo de Controle 20231206195501.0
008 - DADOS FIXOS
Dados Fixos 231205s2010 rjba 000 0 por d
020 ## - INTERNATIONAL STANDARD BOOK NUMBER
Nº do ISBN 9788530931391
040 ## - AGÊNCIA CATALOGADORA
Código da Agência Catalogadora BR-CuiBMT
Agência que transcreveu o registro BR-CuiBMT
080 ## - Nº DA CLASSIFICAÇÃO DECIMAL UNIVERSAL
Nº edição CDU 2007
Nº Class. CDU 342
Subd. Auxiliar Comum (816.5)
090 ## - NÚMERO DE CHAMADA
Nº classificação 342(816.5)
Cutter M671c
100 1# - ENTRADA PRINCIPAL -- AUTOR PESSOAL
Nome pessoal Miragem, Bruno
245 ## - TÍTULO PRINCIPAL
Título principal Comentários à Constituição do Estado do Rio Grande do Sul /
Indicação de responsabilidade Bruno Miragem, Aloísio Zimmer Júnior.
260 ## - PUBLICAÇÃO, DISTRIBUIÇÃO, ETC.
Local de publicação Rio de Janeiro :
Editora Forense,
Data 2010.
300 ## - DESCRIÇÃO FÍSICA
N. páginas ou volumes 903 p.:
Dimensões 22 cm
Ilustrações il.
504 ## - NOTA DE BIBLIOGRAFIA, ETC.
Nota de bibliografia Inclui bibliografia.
610 ## - ASSUNTO -- ENTIDADE
Nome da Entidade ou lugar Rio Grande do Sul
Título da publicação Constituição (1989)
650 ## - ASSUNTO TÓPICO
Cabeçalho tópico ou nome geográfico Direito constitucional
Subdivisão geográfica Rio Grande do Sul
650 ## - ASSUNTO TÓPICO
Cabeçalho tópico ou nome geográfico Constituição estadual
Subdivisão cronológica 1989
Subdivisão geográfica Rio Grande do Sul
700 ## - ENTRADA SECUNDÁRIA -- NOME PESSOAL
Nome pessoal Zimmer Júnior, Aloísio
942 ## - ELEMENTOS DE ENTRADA ADICIONAIS (KOHA)
Fonte de classificação ou esquema de arquivamento Classificação Decimal Universal
Tipo de item do Koha Livros
Holdings
Estado: removido Estado: perdido Fonte de classificação ou esquema de arquivamento Estado: danificado Indisponível para empréstimo Localização permanente Localização atual Data de aquisição Total Checkouts Número de Chamada completo Código de barras Date last seen Número do exemplar Preço efetivo a partir de Tipo de item (Koha)
    Classificação Decimal Universal     Biblioteca da Escola Superior de Contas do TCE/MT Biblioteca da Escola Superior de Contas do TCE/MT 09/05/2012   342(816.5) M671c BIBTCEMT23120278 06/12/2023 Ex. 1 06/12/2023 Livros

Powered by Koha